La Universidad frente a la globalización /
Uloženo v:
| Hlavní autor: | |
|---|---|
| Médium: | Text |
| Témata: | |
| Tagy: |
Přidat tag
Žádné tagy, Buďte první, kdo vytvoří štítek k tomuto záznamu!
|
MARC
| LEADER | 00000 a a2200000 04500 | ||
|---|---|---|---|
| 001 | 11951 | ||
| 003 | |||
| 040 | |||
| 100 | |a Hinkelammert, Franz J. | ||
| 245 | |a La Universidad frente a la globalización / |c Franz J. Hinkelammert | ||
| 650 | |a ENSEÑANZA SUPERIOR | ||
| 650 | |a GLOBALIZACION | ||
| 650 | |a MODERNIZACION | ||
| 650 | |a APRENDIZAJE | ||
| 650 | |a DESARROLLO DE LA EDUCACION | ||
| 650 | |a MEDIO ESCOLAR | ||
| 650 | |a CALIDAD DE LA EDUCACION | ||
| 650 | |a INNOVACIONES PEDAGOGICAS | ||
| 650 | |a NECESIDADES DE EDUCACION | ||
| 650 | |a OPORTUNIDADES DE EDUCACION | ||
| 650 | |a POLITICA EDUCATIVA | ||
| 650 | |a PLANIFICACION DE LA EDUCACION | ||
| 773 | |g número 95; páginas 27-31 | ||
| 999 | |c 21672 |d 21672 | ||
| 773 | 0 | |0 41641 |9 2525 |a Departamento Ecuménico de Investigaciones (DEI) |d San José, Costa Rica Departamento Ecuménico de Investigaciones (DEI) |o 20171 |t Pasos / | |
